| 000 | 00000nas 2200000zi 4500 |
| 001 | 9.913894 |
| 003 | CaOODSP |
| 005 | 20250620123612 |
| 006 | m o d f |
| 007 | cr ||||||||||| |
| 008 | 220728c20199999mbcar p o f0###a0eng|d |
| 040 | |aCaOODSP|beng|erda|cCaOODSP |
| 043 | |an-cn--- |
| 086 | 1 |aNM102-2E-PDF |
| 110 | 2 |aCanadian Museum for Human Rights.|eauthor,|eissuing body. |
| 245 | 10|aFinancial statements of Canadian Museum for Human Rights year ended ...|cCanadian Museum for Human Rights. |
| 264 | 1|a[Winnipeg, Manitoba] : |bCanadian Museum for Human Rights = Musée canadien pour les droits de la personne, |c[2019]- |
| 310 | |aAnnual |
| 336 | |atext|btxt|2rdacontent |
| 337 | |acomputer|bc|2rdamedia |
| 338 | |aonline resource|bcr|2rdacarrier |
| 362 | 1 |aBegan with : March 31, 2019. |
| 500 | |aIssued also in French under title: États financiers Musée canadien pour les droits de la personne exercice terminé le ... . |
| 588 | |aDescription based on: March 31, 2019. |
| 588 | |aLatest issue consulted: March 31, 2021. |
| 610 | 20|aCanadian Museum for Human Rights|xAppropriations and expenditures|vPeriodicals. |
| 650 | 0|aFinancial statements|zCanada|vPeriodicals. |
| 655 | 7|aPeriodicals|2lcgft |
| 775 | 08|tÉtats financiers Musée canadien pour les droits de la personne exercice terminé le ... / |w(CaOODSP)9.913895 |